Das molekularpathologische Brevier: was heißt: „hybrid capture“,„anchored multiplex PCR“ und amplikonbasiert?
Saved in:
| Main Authors: | , |
|---|---|
| Format: | Article (Journal) |
| Language: | German |
| Published: |
04 January 2022
|
| In: |
Die Pathologie
Year: 2022, Volume: 43, Issue: 3, Pages: 229-230 |
| ISSN: | 2731-7196 |
| DOI: | 10.1007/s00292-021-01036-2 |
| Online Access: | Verlag, lizenzpflichtig, Volltext: https://doi.org/10.1007/s00292-021-01036-2 Verlag, lizenzpflichtig, Volltext: https://link.springer.com/10.1007/s00292-021-01036-2 |
| Author Notes: | Ulrich Lehmann, Albrecht Stenzinger |
MARC
| LEADER | 00000caa a2200000 c 4500 | ||
|---|---|---|---|
| 001 | 1837101698 | ||
| 003 | DE-627 | ||
| 005 | 20230706232626.0 | ||
| 007 | cr uuu---uuuuu | ||
| 008 | 230220s2022 xx |||||o 00| ||ger c | ||
| 024 | 7 | |a 10.1007/s00292-021-01036-2 |2 doi | |
| 035 | |a (DE-627)1837101698 | ||
| 035 | |a (DE-599)KXP1837101698 | ||
| 035 | |a (OCoLC)1389535404 | ||
| 040 | |a DE-627 |b ger |c DE-627 |e rda | ||
| 041 | |a ger | ||
| 084 | |a 33 |2 sdnb | ||
| 100 | 1 | |a Lehmann, Ulrich |d 1967- |e VerfasserIn |0 (DE-588)133814041 |0 (DE-627)556249674 |0 (DE-576)300124031 |4 aut | |
| 245 | 1 | 4 | |a Das molekularpathologische Brevier |b was heißt: „hybrid capture“,„anchored multiplex PCR“ und amplikonbasiert? |c Ulrich Lehmann, Albrecht Stenzinger |
| 264 | 1 | |c 04 January 2022 | |
| 300 | |a 2 | ||
| 336 | |a Text |b txt |2 rdacontent | ||
| 337 | |a Computermedien |b c |2 rdamedia | ||
| 338 | |a Online-Ressource |b cr |2 rdacarrier | ||
| 500 | |a Gesehen am 20.02.2023 | ||
| 700 | 1 | |a Stenzinger, Albrecht |e VerfasserIn |0 (DE-588)139606106 |0 (DE-627)703395238 |0 (DE-576)312432755 |4 aut | |
| 773 | 0 | 8 | |i Enthalten in |t Die Pathologie |d [Berlin] : Springer Medizin Verlag GmbH, 2022 |g 43(2022), 3, Seite 229-230 |h Online-Ressource |w (DE-627)1808390709 |w (DE-600)3122960-8 |x 2731-7196 |7 nnas |a Das molekularpathologische Brevier was heißt: „hybrid capture“,„anchored multiplex PCR“ und amplikonbasiert? |
| 773 | 1 | 8 | |g volume:43 |g year:2022 |g number:3 |g pages:229-230 |g extent:2 |a Das molekularpathologische Brevier was heißt: „hybrid capture“,„anchored multiplex PCR“ und amplikonbasiert? |
| 856 | 4 | 0 | |u https://doi.org/10.1007/s00292-021-01036-2 |x Verlag |x Resolving-System |z lizenzpflichtig |3 Volltext |
| 856 | 4 | 0 | |u https://link.springer.com/10.1007/s00292-021-01036-2 |x Verlag |z lizenzpflichtig |3 Volltext |
| 951 | |a AR | ||
| 992 | |a 20230220 | ||
| 993 | |a Article | ||
| 994 | |a 2022 | ||
| 998 | |g 139606106 |a Stenzinger, Albrecht |m 139606106:Stenzinger, Albrecht |d 910000 |d 912000 |e 910000PS139606106 |e 912000PS139606106 |k 0/910000/ |k 1/910000/912000/ |p 2 |y j | ||
| 999 | |a KXP-PPN1837101698 |e 4274879747 | ||
| BIB | |a Y | ||
| SER | |a journal | ||
| JSO | |a {"type":{"media":"Online-Ressource","bibl":"article-journal"},"id":{"doi":["10.1007/s00292-021-01036-2"],"eki":["1837101698"]},"relHost":[{"id":{"zdb":["3122960-8"],"issn":["2731-7196"],"eki":["1808390709"]},"disp":"Das molekularpathologische Brevier was heißt: „hybrid capture“,„anchored multiplex PCR“ und amplikonbasiert?Die Pathologie","type":{"bibl":"periodical","media":"Online-Ressource"},"pubHistory":["Volume 43, issue 4 (July 2022)-"],"recId":"1808390709","origin":[{"publisher":"Springer Medizin Verlag GmbH","publisherPlace":"[Berlin]","dateIssuedDisp":"[2022]-"}],"physDesc":[{"extent":"Online-Ressource"}],"note":["Gesehen am 28.06.2022"],"language":["ger","eng"],"title":[{"title":"Die Pathologie","title_sort":"Pathologie","subtitle":"Organ der Deutschen Abteilung der Internationalen Akademie für Pathologie, der Deutschen, der Österreichischen und der Schweizerischen Gesellschaft für Pathologie und des Berufsverbandes Deutscher Pathologen"}],"part":{"issue":"3","text":"43(2022), 3, Seite 229-230","year":"2022","pages":"229-230","extent":"2","volume":"43"}}],"recId":"1837101698","language":["ger"],"person":[{"display":"Lehmann, Ulrich","family":"Lehmann","role":"aut","given":"Ulrich"},{"family":"Stenzinger","display":"Stenzinger, Albrecht","role":"aut","given":"Albrecht"}],"title":[{"subtitle":"was heißt: „hybrid capture“,„anchored multiplex PCR“ und amplikonbasiert?","title_sort":"molekularpathologische Brevier","title":"Das molekularpathologische Brevier"}],"physDesc":[{"extent":"2 S."}],"origin":[{"dateIssuedKey":"2022","dateIssuedDisp":"04 January 2022"}],"note":["Gesehen am 20.02.2023"],"name":{"displayForm":["Ulrich Lehmann, Albrecht Stenzinger"]}} | ||
| SRT | |a LEHMANNULRMOLEKULARP0420 | ||